| 000 | 00538nam a2200169Ia 4500 | ||
|---|---|---|---|
| 008 | 240729s9999 xx 000 0 und d | ||
| 022 | _a1945-2020 | ||
| 245 | 0 | _aInternational Journal of Telerehabilitation | |
| 260 | _aUnited States | ||
| 260 | _bUniversity Library System, University of Pittsburgh | ||
| 650 | _a Computer applications to medicine. Medical informatics | ||
| 650 | _a Medicine (General) | ||
| 650 | _aMedicine | ||
| 856 | _uhttps://doaj.org/toc/a943c33923614cea8bbcf57904514022 | ||
| 942 | _2ddc | ||
| 942 | _cDOAJEJ | ||
| 999 |
_c66294 _d66294 |
||
| 945 |
_a1 _bMadushi Gamage _c1 _dMadushi Gamage |
||